000 01283nam0a22002771 4500
001 rc\3271896
005 20250609172646.0
021 _aRU
_bРг10497-72
035 _a(NLR Aleph) 007393087
090 _a6631668
_c6631668
100 _a20130115d1972 |||y0rusy50 ca
101 0 _arus
102 _aRU
105 _ay z |||||
200 1 _aВопросы профессиональной подготовки библиотекарей в СССР
_fМеждунар. год книги. Семинар для библ. работников стран Азии и Африки. Апр. 1972
210 _aМосква
_cБ. и.
_d[1972]
215 _a21 л.
_d30
532 1 2 _aВопросы профессиональной подготовки библиотекарей в Союзе Советских Социалистических Республик
700 1 _aЗазерский
_bЕ.Я.
_f1923-1991
_gЕвгений Яковлевич
712 1 2 _aСеминар для библиотечных работников стран Азии и Африки
_eМосква/Ташкент
_f1972
_9838844
_3RU\NLR\AUTH\880586500
801 0 _aRU
_bNLR
_gpsbo
801 1 _aRU
_bELAR
_2rusmarc
852 _aNLR
_jБ 1530/С-306-З
942 _cBOOK
980 _aNB